000 01132nam a2200229 i 4500
001 32717
003 ES-MaACL
005 20250719062533.0
007 t|
008 030131s1885 fr |||| | fre d
100 1 _aBertillon, Alphonse.
_9199555
245 1 0 _aNotice sur le fonctionnement du service d'identification par les signalements anthropométriques au dépôt de la Prefecture de Police /
_cpar Alphonse Bertillon.
260 _aParís :
_b[s.n.],
_c1885.
300 _aP. 905-912 ;
_c28 cm.
500 _aExtrait de L'Annuaire statistique de la ville de Paris pour 1883.
650 4 _aAntropometría.
_9135576
852 _aES-MaACL
_jD-68(6)
_cSVI
_bR.FOLL.1/6
_fSello en tinta en p. 905 "Donativo del Sr. lastres al Ateneo de Madrid. 1907"
_gAnotación manuscrita en portada: "Folletos penitenciarios. T.8"
_hDonación: Francisco Lastres y Juiz
_xEncuadernado con otras obras formando un volumen facticio
_xEncuadernación holandesa
_933938
903 _aLastres y Juiz, Francisco,
_d1848-1918
_q1
_ednr
_970504
942 _2udc
_cFOLLETOS
999 _c32717
_d32717